Tramas en la historia de la educación desde Córdoba : (Record no. 60015)
[ view plain ]
| 000 -LEADER | |
|---|---|
| fixed length control field | 01113cam a2200277Mi 4500 |
| 003 - CONTROL NUMBER IDENTIFIER | |
| control field | URS |
| 005 - DATE AND TIME OF LATEST TRANSACTION | |
| control field | 20221125082328.0 |
| 008 - FIXED-LENGTH DATA ELEMENTS--GENERAL INFORMATION | |
| fixed length control field | 220704s2021 ag ob f000 0 spa d |
| 040 ## - CATALOGING SOURCE | |
| Original cataloging agency | ARFGC |
| Language of cataloging | eng |
| Description conventions | rda |
| Transcribing agency | ARFGC |
| Modifying agency | JSTOR |
| -- | OCLCF |
| Transcribing agency | URS |
| 020 ## - INTERNATIONAL STANDARD BOOK NUMBER | |
| International Standard Book Number | 9789878130071 |
| Qualifying information | (electronic bk.) |
| 020 ## - INTERNATIONAL STANDARD BOOK NUMBER | |
| International Standard Book Number | 987813007X |
| Qualifying information | (electronic bk.) |
| 050 #4 - LIBRARY OF CONGRESS CALL NUMBER | |
| Classification number | LA549.C67 |
| Item number | T736 2021 |
| 245 00 - TITLE STATEMENT | |
| Title | Tramas en la historia de la educación desde Córdoba : |
| Remainder of title | textos y fuentes para aprender y enseñar / |
| Statement of responsibility, etc. | Eunice Rebolledo y Gabriela Lamelas (comps.). |
| 264 #1 - PRODUCTION, PUBLICATION, DISTRIBUTION, MANUFACTURE, AND COPYRIGHT NOTICE | |
| Place of production, publication, distribution, manufacture | [Córdoba, Argentina] : |
| Name of producer, publisher, distributor, manufacturer | CIFFIH, FFIH, UNC ; |
| Place of production, publication, distribution, manufacture | Buenos Aires : |
| Name of producer, publisher, distributor, manufacturer | CLACSO, |
| Date of production, publication, distribution, manufacture, or copyright notice | septiembre de 2021. |
| 300 ## - PHYSICAL DESCRIPTION | |
| Extent | 1 online resource (398 pages) |
| 336 ## - CONTENT TYPE | |
| Content type term | text |
| Source | rdacontent |
| 337 ## - MEDIA TYPE | |
| Media type term | computer |
| Source | rdamedia |
| 338 ## - CARRIER TYPE | |
| Carrier type term | online resource |
| Source | rdacarrier |
| 590 ## - LOCAL NOTE (RLIN) | |
| Local note | JSTOR |
| Provenance (VM) [OBSOLETE] | Books at JSTOR Open Access |
| 650 #0 - SUBJECT ADDED ENTRY--TOPICAL TERM | |
| Topical term or geographic name entry element | Education |
| Geographic subdivision | Argentina |
| -- | Córdoba |
| General subdivision | History. |
| 650 #7 - SUBJECT ADDED ENTRY--TOPICAL TERM | |
| Topical term or geographic name entry element | Education. |
| Source of heading or term | fast |
| Authority record control number or standard number | (OCoLC)fst00902499 |
| 651 #7 - SUBJECT ADDED ENTRY--GEOGRAPHIC NAME | |
| Geographic name | Argentina |
| Geographic subdivision | Córdoba. |
| Source of heading or term | fast |
| Authority record control number or standard number | (OCoLC)fst01208241 |
| 856 40 - ELECTRONIC LOCATION AND ACCESS | |
| Uniform Resource Identifier | <a href="https://www.jstor.org/stable/10.2307/j.ctv2v88f2m">https://www.jstor.org/stable/10.2307/j.ctv2v88f2m</a> |
| 942 ## - ADDED ENTRY ELEMENTS (KOHA) | |
| Source of classification or shelving scheme | Library of Congress Classification |
| Koha item type | E-Book |
| 994 ## - | |
| -- | 92 |
| -- | PHURS |
| Withdrawn status | Source of classification or shelving scheme | Damaged status | Not for loan | Home library | Current library | Date acquired | Total Checkouts | Date last seen | Price effective from | Koha item type |
|---|---|---|---|---|---|---|---|---|---|---|
| Library of Congress Classification | Not For Loan | JSTOR Open Access Books | JSTOR Open Access Books | 09/22/2022 | 09/22/2022 | 09/22/2022 | E-Book |